000 00484nam a2200193 a 4500
001 14142
003 CO-ViMGA
005 20230915230801.0
008 141112s2004 ck r 000 u spa d
020 _a84722394X
040 _aCO-ViMGA
_bspa
_cCO-ViMGA
082 0 4 _a928 B674
100 1 _aVazquez, Maria E.
_912752
245 1 0 _aBorges esplendor y derrota
260 _aBarcelona :
_bTusquets,
_c1996
300 _a254
650 1 4 _aBORGES, JORGE LUIS
_912753
942 _2ddc
_cBK
999 _c24841
_d24841